1296 1431 1544 1352 1346 1515 1842 1079 1621 1911 1101 1167 1586 1285 1146 1741 1497 1557 1440 1212 1132 1288 1696 1857 1923 1734 1280 1848 1403 1456 1629 1993 1368 1165 1458 1594 1104 1565 1249 1116 1189 1196 1751 1335 1177 1705 1989 1932 1247 1165 1474 1296 1641 1379 1283 1061 1345 1941 1302 1250 1067 1284 1652 1413 1312 1604 1337 1365 1762 1869 1240 1516 1188 1682 1734 1970 1887 1857 1470 1438 1848 1568 1943 1162 1678 1749 1961 1503 1722 1639 1116 1256 1863 1543 1382 1114 1022 1414 1616 BCNSPRNW ULIB Ver.6.0+V

เปลี่ยนเป็นภาษาไทย

Change to English
 แสดงรายละเอียดบรรณานุกรม
  กลับหน้าหลัก

Brief Record : Get Marc (ISO 2709) : E-mail record : QR code < ปิดหน้าต่าง
LEADER : 00000nam 2200000uu 4500
001    13399126384
003     ULIB
008    180911s2559||||th 000 0 tha d
020    ^a9786162147241
050    ^aนว^bว177ห
100 0  ^aวรรณวรรธน์
245 10 ^aหนึ่งด้าวฟ้าเดียวกัน เล่ม 2/ ^cวรรณวรรธน์
250    ^aพิมพ์ครั้งที่ 9
260    ^aกรุงเทพฯ : ^bณ บ้านวรรณกรรม, ^c2559
300    ^a342 หน้า ;^c21 ซม
945    ^p270^l0^i004610
999    ^aวรรณษา ชูชัยมงคล
รายการนี้ยังไม่มีแท็ก
คุณยังไม่ได้ล็อกอิน คุณสามารถมีกิจกรรมร่วมกับเว็บไซต์ได้ แต่ต้องล็อกอินก่อน ::
  ล็อกอิน

รายการสื่อสารสนเทศ

ลำดับที่ ประเภท เลขเรียก/บาร์โค้ด สถานที่ สถานะ
1. นวนิยาย
นวนิยาย
นว ว177ห ฉ.1 
  Barcode: 004610
ห้องสมุดวิทยาเขตสวรรค์ประชารักษ์
►หนังสือทั่วไป
บนชั้น

รายการใกล้เคียง
    ผู้แต่ง [วรรณวรรธน์]

BibComment


ยังไม่เคยถูกคอมเมนท์

คอมเมนท์ทรัพยากรรายการนี้
  คอมเมนท์: หนึ่งด้าวฟ้าเดีย..


 Copyright 2026. Bcnsprnw @Library